|
|
|
|
| LEADER |
00733cam a2200181 7i4500 |
| 001 |
0000026455 |
| 005 |
20170218090000.0 |
| 008 |
090317 eng |
| 090 |
0 |
0 |
|a HF54.56
|b .K37 2008
|
| 100 |
0 |
|
|a Kasthuri Rajuel
|
| 245 |
1 |
4 |
|a The effectiveness of online prepaid among community in Bestari Jaya
|c Kasthuri d/o Rajuel.
|
| 260 |
|
|
|a Bestari Jaya, Selangor:
|b UNISEL,
|c 2008.
|
| 300 |
|
|
|a ix, 82 p.:
|b col. ill.;
|c 30 cm.
|
| 610 |
2 |
|
|a Universiti Industri Selangor
|
| 650 |
0 |
0 |
|a Business information services --
|z Selangor, Malaysia
|
| 650 |
0 |
0 |
|a Online information services
|
| 997 |
|
|
|a Business & Accountancy, Faculty
|
| 999 |
|
|
|a PRC0000307
|b PROJECT REPORT COLLECTION
|c PROJECT REPORT COLLECTION
|e Thesis Room, Bestari Jaya
|